Département français le plus peuplé par région - Statistiques

Statistiques générales
  • Ce quiz a été pris 192 fois
  • Le résultat moyen est 12 sur 14
Statistiques - réponses
Région Population Département % Correct
Auvergne-Rhône-Alpes 1,875,747 Rhône
94%
Île-de-France 2,165,423 Paris
92%
Corse 181,933 Haute-Corse
89%
Hauts-de-France 2,608,346 Nord
89%
Provence-Alpes-Côte d'Azur 2,043,110 Bouches-du-Rhône
88%
Grand Est 1,140,057 Bas-Rhin
86%
Départements d'Outre-Mer 855,961 La Réunion
86%
Nouvelle-Aquitaine 1,623,749 Gironde
85%
Bretagne 1,079,498 Ille-et-Vilaine
85%
Pays de la Loire 1,429,272 Loire-Atlantique
79%
Normandie 1,255,633 Seine-Maritime
78%
Occitanie 1,400,039 Haute-Garonne
76%
Centre-Val de Loire 680,434 Loiret
76%
Bourgogne-Franche-Comté 551,493 Saône-et-Loire
67%
Aucun quiz correspondant
Distribution des résultats
% des personnes avec chaque résultat
Percentile par nombre de réponses
Votre historique - résultats
Vous n’avez pas pris ce quiz